| 000 | 00451nam a2200157Ia 4500 | ||
|---|---|---|---|
| 005 | 20250219052256.0 | ||
| 008 | 240331s9999 xx 000 0 und d | ||
| 020 | _a8185229155 | ||
| 082 |
_a291.2 _bOBE |
||
| 100 | _aObesekare, G | ||
| 245 | 0 |
_aImagining karma : _bethical transformation in Amerindian Buddhist,and Greek rebirth |
|
| 260 |
_aNew Delhi _bTulika _c2000 |
||
| 300 | _ax, 678 p ., | ||
| 500 | _aEssays Presented to irfan Habib. | ||
| 942 | _cL | ||
| 999 |
_c890 _d890 |
||